Responses for show #6629 - Thursday, June 13, 2013

Contestants

Megan Hickey, a public defender from Seattle, Washington

Matt Noble, a math professor originally from Mobile, Alabama

Andre Green, a data analyst from Somerville, Massachusetts (whose 1-day cash winnings total $25,200)

Jeopardy! Round responses

IT'S MY PARTY
HEALTH & MEDICINE
TAGLINES
THE NFL
FOREIGN STREET SIGNS
FROM "L" TO "M"
(Alex: Each correct response will begin with the letter "L" and end with an "M.")
    $200 1
Republican

Andre
    $200 25
obesity

Megan
    $200 15
(Andre: What is CBS?)

CNN

AndreMatt
    $200 10
(Detroit) Lions

Andre
    $200 20
emu

Andre
    $200 5
legroom

Matt
    $400 2
Bull Moose

Megan
    $400 26
liver transplant

Matt
    $400 16
Raid

Matt
    $400 11
the Bengals

Matt
    $400 21
parking

Megan
    $400 6
linoleum

Megan
    $600 3
(Matt: What is Democrat?)

Republican

AndreMatt
    $600 27
self-medicate

Andre
    $600 17
NyQuil

Matt
    $600 12
the Seahawks

Megan
    $600 22
speed bumps

Matt
    $800 7
lukewarm

Megan
    $800 4
Democrat

Matt
    $800 29
(Matt: What is a podiatrist?)

dermatologist

AndreMatt
    $800 18
Michelin

Matt
    $800 13
(Miami) Dolphins

Megan
    $800 23
Venice

Matt
    $800 8
logjam

Andre
    $1000 28
(Megan: What is Republican?)

Dixiecrat

MattMegan
    $1000 30
bursitis

Triple Stumper
    $1000 19
(Megan: What is Babies R Us?)

Gerber

Megan
Triple Stumper
    $1000 14
(Andre: What are the Jaguars?)

the (Atlanta) Falcons

AndreMatt
    $1000 24
tsunami

Megan
    $1000 9
(Andre: What is Lyceneum?)

Lyceum

AndreMatt

Scores at the first commercial break (after clue 15):

Andre Matt Megan
-$400 $3,000 $3,000

Scores at the end of the Jeopardy! Round:

Andre Matt Megan
$1,200 $6,800 $2,600

Double Jeopardy! Round responses

AUTHORS ON THEMSELVES
WAR OF WORDS
TONY-WINNING ACTRESSES
SCOTLAND
LOCK
"NESS"
    $400 3
(Joseph) Heller

Matt
    $400 1
mace

Matt
    $400 25
Sunset Boulevard

Matt
    $400 17
St. Andrew

Andre
    $400 16
pick

Andre
    $400 11
(Matt: What is openness?)

wilderness

MattMegan
    $800 2
F. Scott Fitzgerald

Megan
    $800 6
...
(Alex: Yes. Slingshot.)

sling

Matt
    $800 26
Dreamgirls

Triple Stumper
    $800 18
tartan

Andre
    $800 22
(Megan: What are ghost keys?)

skeleton keys

MattMegan
    $800 12
consciousness

Andre
    $5,000 4
(Matt: Who is von Goethe?)

Kurt Vonnegut

Matt
    $1200 7
(Alex: You're not gonna be happy
you didn't get [*].)

infantry

Triple Stumper
    $1200 27
Carol Channing

Triple Stumper
    $1200 19
Macbeth

Megan
    $1200 23
tumblers

Matt
    $1200 13
"Sweetness"

Matt
    $1600 5
(Andre: Who is Thoreau?)
(Matt: Who is Emerson?)

Robert Frost

AndreMatt
Triple Stumper
    $1600 9
phalanx

Matt
    $1600 28
(Andre: What is Chicago?)
...
[End-of-round signal sounds.]

Gypsy

AndreMegan
    $1600 20
Brown

Andre
    $1600 24
Kryptonite

Matt
    $1600 14
Fairness Doctrine

Andre
    $2000 8
(Megan: Who is Mark Twain?)

Oscar Wilde

MattMegan
    $5 10
(Matt: What is a longbow?)

crossbow

Matt
    $2000 21
Trainspotting

Matt
    $2000 15
Jehovah's Witnesses

Megan

Scores at the end of the Double Jeopardy! Round:

Andre Matt Megan
$3,600 $12,195 $5,800
(lock game)

[wagering suggestions for these scores]

Final Jeopardy! Round responses

BEST PICTURE WORDPLAY
AndreWhat is Cl Crash?
$42
MeganWhat is Crash?
$1,401
MattWhat is Crash?
$195
Crash

Final scores:

Andre Matt Megan
$3,642 $12,390 $7,201
3rd place: $1,000 New champion: $12,390 2nd place: $2,000

Game dynamics:

Coryat scores:

Andre Matt Megan
$3,600 $17,200 $5,600
13 R,
5 W
24 R,
6 W
(including 2 DDs)
13 R
(including 1 DD),
4 W

Combined Coryat: $26,400

The J! Archive is created by fans, for fans. The Jeopardy! game show and all elements thereof, including but not limited to copyright and trademark thereto, are the property of Jeopardy Productions, Inc. and are protected under law. This website is not affiliated with, sponsored by, or operated by Jeopardy Productions, Inc. Join the discussion at JBoard.tv.